MARC

LEADER 00000nam0a2200000 4500
001 371919
005 20231102012428.0
035 |a (RuTPU)RU\TPU\retro\29333 
090 |a 371919 
100 |a 20221125d k y0rusy50 ca 
101 0 |a rus 
102 |a BY 
105 |a a z 001zy 
200 1 |a Геохимическая специализация магматических и метаморфических комплексов докембрия Белоруссии и Прибалтики  |f А. С. Махнач, А. К. Вайтекунас, В. А. Васильев [и др.]  |g Академия наук Белорусской ССР, Институт геохимии и геофизики 
210 |a Минск  |c Наука и техника  |d 1978 
215 |a 148 с.  |c ил. 
320 |a Библиогр.: с. 142-147 
606 1 |a Геологические формации, магматические  |2 stltpush  |3 (RuTPU)RU\TPU\subj\6087  |9 34047 
606 1 |a Метаморфические породы  |2 stltpush  |3 (RuTPU)RU\TPU\subj\43409  |9 62914 
610 1 |a кристаллический фундамент 
610 1 |a архей 
610 1 |a протерозой 
610 1 |a метасоматоз 
610 1 |a геохимические исследования 
675 |a 552.3  |v 3 
675 |a 552.4  |v 3 
701 1 |a Махнач  |b А. С. 
701 1 |a Вайтекунас  |b А. К. 
701 1 |a Васильев  |b В. А. 
701 1 |a Давыдов  |b М. Н. 
701 1 |a Доминиковский  |b Г. Г. 
712 0 2 |a Академия наук Белорусской ССР  |b Институт геохимии и геофизики  |2 stltpush  |3 (RuTPU)RU\TPU\col\11735  |9 25243 
801 1 |a RU  |b 63413507  |c 20221125 
942 |c BK